IFM Opac

Mathematics for Economics and Business (Record no. 21893)

MARC details
000 -LEADER
fixed length control field 00469nam a22001697a 4500
005 - DATE AND TIME OF LATEST TRANSACTION
control field 20230816162527.0
008 - FIXED-LENGTH DATA ELEMENTS--GENERAL INFORMATION
fixed length control field 230816b |||||||| |||| 00| 0 eng d
020 ## - INTERNATIONAL STANDARD BOOK NUMBER
International Standard Book Number 9781292191669
082 ## - DEWEY DECIMAL CLASSIFICATION NUMBER
Classification number 512.02433
100 ## - MAIN ENTRY--PERSONAL NAME
Personal name Jacques, Ian
245 ## - TITLE STATEMENT
Title Mathematics for Economics and Business
250 ## - EDITION STATEMENT
Edition statement 9th ed
260 ## - PUBLICATION, DISTRIBUTION, ETC.
Place of publication, distribution, etc. New York:
Name of publisher, distributor, etc. Pearson,
Date of publication, distribution, etc. 2018
300 ## - PHYSICAL DESCRIPTION
Extent x, 738p.:
Other physical details ill.; 26cm
500 ## - GENERAL NOTE
General note Includes Bibliographical References and Index
942 ## - ADDED ENTRY ELEMENTS (KOHA)
Source of classification or shelving scheme Dewey Decimal Classification
Koha item type Books
Suppress in OPAC No
Holdings
Withdrawn status Lost status Source of classification or shelving scheme Damaged status Not for loan Collection code Home library Current library Shelving location Date acquired Source of acquisition Total Checkouts Full call number Barcode Date last seen Price effective from Koha item type Date last checked out
    Dewey Decimal Classification     Non-fiction Geita Campus Geita Campus Geita Campus Library 08/23/2023 Purchase   512.02433 JAC 0000024005 08/23/2023 08/23/2023 Books  
    Dewey Decimal Classification     Non-fiction IFM Dodoma Campus Library IFM Dodoma Campus Library Dodoma Center 08/17/2023 Purchase   512.02433 JAC 0000024006 08/17/2023 08/17/2023 Books  
    Dewey Decimal Classification     Non-fiction IFM Dodoma Campus Library IFM Dodoma Campus Library Dodoma Center 08/17/2023 Purchase   512.02433 JAC 0000024024 08/17/2023 08/17/2023 Books  
    Dewey Decimal Classification     Non-fiction IFM Main Campus Library IFM Main Campus Library Special Reserve Collection 08/23/2023 Purchase   512.02433 JAC 0000024007 08/23/2023 08/23/2023 Books  
    Dewey Decimal Classification     Non-fiction IFM Main Campus Library IFM Main Campus Library General Collection 08/23/2023 Purchase 1 512.02433 JAC 0000024023 01/21/2026 08/23/2023 Books 01/13/2026
    Dewey Decimal Classification     Non-fiction IFM Main Campus Library IFM Main Campus Library Special Reserve Collection 08/16/2023 Purchase   512.02433 JAC 0000024021 08/23/2023 08/16/2023 Books  
    Dewey Decimal Classification     Non-fiction IFM Mwanza Campus IFM Mwanza Campus Mwanza Teaching Center 08/16/2023 Purchase   512.02433 JAC 0000024025 08/16/2023 08/16/2023 Books  
    Dewey Decimal Classification     Non-fiction IFM Mwanza Campus IFM Mwanza Campus Mwanza Teaching Center 08/16/2023 Purchase   512.02433 JAC 0000024019 08/16/2023 08/16/2023 Books  
    Dewey Decimal Classification     Non-fiction IFM Simiyu Campus Library IFM Simiyu Campus Library Simiyu Campus 08/16/2023 Purchase   512.02433 JAC 0000024022 08/17/2023 08/16/2023 Books  
    Dewey Decimal Classification     Non-fiction IFM Simiyu Campus Library IFM Simiyu Campus Library Simiyu Campus 08/16/2023 Purchase   512.02433 JAC 0000024020 08/17/2023 08/16/2023 Books